Královský úděl /

Hlavní autor: Bonhardová, Nina, 1907-1981
Další autoři: Romberg, Michael, 1918-1982
Jazyk: Čeština
Vydáno: Praha : Československý spisovatel, 1977
Vydání: Vyd. 2.
Témata:
Externí odkaz: Digitalizovaný dokument
Fyzický popis: 280 s. ; 22 cm
Knihy
Uloženo v:
LEADER 01922nam a2200481 a 4500
001 000263084
003 CZ BrMZK
005 20250214135312.0
007 ta
008 941129s1977 xr g 000 f cze d
015 |a cnb000119202 
040 |a BOA001  |b cze 
043 |a e-xr--- 
045 |a q3q7 
072 7 |a 821.162.3-3  |x Česká próza  |2 Konspekt  |9 25 
080 |a 821.162.3-31  |2 MRF 
080 |a 929.731  |2 MRF 
080 |a 94(437.3)"12"  |2 MRF 
080 |a (437.3)  |2 MRF 
080 |a (0:82-311.6)  |2 MRF 
100 1 |a Bonhardová, Nina,  |d 1907-1981  |7 jk01012617  |4 aut 
245 1 0 |a Královský úděl /  |c Nina Bonhardová ; [ilustrace Michael Romberg] 
250 |a Vyd. 2. 
260 |a Praha :  |b Československý spisovatel,  |c 1977 
300 |a 280 s. ;  |c 22 cm 
600 0 7 |a Přemysl Otakar  |b II.,  |c český král a markrabě moravský,  |d asi 1233-1278  |7 jn20000728538  |2 czenas 
600 0 9 |a Přemysl Otakar  |b II.,  |c King of Bohemia,  |d ca 1233-1278  |2 eczenas 
648 4 |a 1233-1278 
648 7 |a 13. století  |7 ch460551  |2 czenas 
650 0 7 |a panovníci  |7 ph117250  |z Česko  |y 13. století  |2 czenas 
650 0 9 |a kings and rulers  |z Czechia  |y 13th century  |2 eczenas 
651 7 |a Česko  |7 ge128065  |x dějiny  |y 13. století  |2 czenas 
651 9 |a Czechia  |x history  |y 13th century  |2 eczenas 
655 7 |a české romány  |7 fd133974  |2 czenas 
655 7 |a historické romány  |7 fd132414  |2 czenas 
655 9 |a Czech fiction  |2 eczenas 
655 9 |a historical novels  |2 eczenas 
700 1 |a Romberg, Michael,  |d 1918-1982  |7 jk01102660  |4 ill 
856 4 1 |u http://www.digitalniknihovna.cz/mzk/uuid/uuid:85dfa8a0-e626-11e3-a2c6-005056827e51  |y Digitalizovaný dokument  |x NDK 
910 |a BOA001  |b 2-0781.839 
990 |a BK 
996 7 |b 2610062932  |c 2-0781.839  |l MZK  |r Sklad / do 1 hodiny  |n 4  |w 000263084  |u 000020  |a 1  |e BOA001  |j MZK50  |s A 
996 6 |b 2610559013  |c 2-0781.839  |l MZK  |r Sklad / do 1 hodiny  |n 0  |p dar  |w 000263084  |u 000030  |a 1  |e BOA001  |j MZK50  |s P